Stres a jeho vliv na výkon ve škole

Stres a jeho pôsobenie. Najčastejšie príčiny stresu u žiakov ZŠ a SŠ. Stres u žiakov so špecifickými vzdelávacími potrebami. Psychohygienické a psychosociáne podmienky vyučovania.

Na minha lista:
Detalhes bibliográficos
Autor principal: Švamberk Šauerová, Markéta
Formato: Capítulo de Livro
Idioma:tcheco
Assuntos:
Tags: Adicionar Tag
Sem tags, seja o primeiro a adicionar uma tag!

MARC

LEADER 00000naa a2200000 4500
001 0259136
005 20191023090543.0
041 0 |a cze 
044 |a SK 
245 1 0 |a Stres a jeho vliv na výkon ve škole  |c Markéta Švamberk Šauerová 
520 |a Stres a jeho pôsobenie. Najčastejšie príčiny stresu u žiakov ZŠ a SŠ. Stres u žiakov so špecifickými vzdelávacími potrebami. Psychohygienické a psychosociáne podmienky vyučovania. 
610 2 0 |a stresy 
610 2 0 |a žiaci 
610 2 0 |a psychológia pedagogická 
610 2 0 |a emócie 
610 2 0 |a školstvo 
610 2 0 |a hygiena duševná 
100 1 |a Švamberk Šauerová, Markéta